| 000 | 00994nam a2200229 a 4500 | ||
|---|---|---|---|
| 001 | BRCA_122 | ||
| 005 | 20190320202905.0 | ||
| 008 | 890106s1987----mx-a---##b---#000-0#spa-# | ||
| 020 | _a968291521X | ||
| 040 |
_aDLC _cDLC _dDLC |
||
| 050 | 4 |
_aN6555 _b.A78 1 _c1987 |
|
| 100 | 1 |
_aMérida, Carlos _d1891- _9479 |
|
| 245 | 1 | 0 |
_aEscritos de Carlos Mérida sobre arte _bel muralismo _cinvestigación, selección de textos y cronología Xavier Guzmán ... [et al.]. |
| 260 |
_aMéxico _bINBA : Centro Nacional de Investigación, Documentación e Información de Artes Plásticas (CENIDIAP) : Dirección de Investigación y Documentación de las Artes _c1987 |
||
| 300 |
_a202 p. _bil. _c21 cm. |
||
| 440 | 0 |
_aColección Artes plásticas. _pSerie Investigación y documentación de las artes _v1 _9480 |
|
| 504 | _aIncluye referencias bibliográficas | ||
| 650 | 1 | 4 |
_aArtes visuales _ySiglo XX y XXI _9481 |
| 650 | 1 | 4 |
_aPintura mural mexicana _ySiglo XX _9482 |
| 700 | 1 |
_aGuzmán, Xavier _9483 |
|
| 942 |
_2lcc _cB |
||
| 999 |
_c106 _d106 |
||